000 00549nam a2200205Ia 4500
003 BUBTL
008 151213s9999 xx 000 0 und d
020 _a0-900739-04-5
082 _a677ROW
100 _aRobinson,A.T.C./Marks.R
_91164
245 _aWoven Cloth Construction
260 _aLondon
_bThe Textile Institute
_cc1973
300 _a[v],174p.
_bills.
_c20cm.
650 _aTextile
650 _aTextile
700 _aRobinson,A.T.C./Marks.R
_91165
856 _k0
_l0
_yDownload
942 _2ddc
_cBK
999 _c4104
_d4104